000 00597nam a22002297a 4500
003 UA-OsUOA
001 38952
007 ta
008 20080229b un ||||| |||| 00| 0 ukr d
100 _aЛапський О.
090 _a82-1
_bЛ24
942 _cBK
040 _aUA-OsUOA
_bukr
_cUA-OsUOA
_dUA-OsUOA
245 _aОбабіч: істини?! Український архів.
300 _a223 с.
955 _a3
041 _aukr
080 _a82-1
260 _aВаршава
_c2003
650 7 _a82 Література. Літературознавство
_2UDC
999 _c437462
_d437462